000 00804nam a2200289Ia 4500
001 Z_2431
003 CHAP
008 220113s1994 xx 000 0 und d
010 _a165485
040 _cCHAP
082 _a339.23 B75y
100 _aBrigham, Eugene F.
_9139350
245 _aEconomía y administración /
_cpor Eugene F Brigham y James L. Papas
260 _aMéxico, D. F. :
_bMc Graw-Hill,
_c1994
300 _a583 p.
500 _aTrad. De la 2 ed. En inglés de 1976
503 _aej.1: 199930 \ ej.2: C/E \ ej.3: C/E
650 _aAdministración de empresas I. Papas, James L. II. t.
_9139351
650 _aEconomía
_935226
650 _aMicroeconomía
_975508
901 _a339.23 B75Y
902 _aM
910 _a1994
942 _c1
942 _cc1
999 _c165485
_d165485